000 00390nam a2200169Ia 4500
001 24117
005 20260414151022.0
008 260414t2016||||xx |||||||||||||| ||spa||
041 _aESP
082 _a780.922
_bR63
100 _aRíos Checllo, Néstor
_eAUT
245 0 _aLos Duncker :
_b vida y obra
260 _c2016
650 _aABD
654 _aCAU
942 _cLIB
_dJUS
_fJUS
_2ddc
_n
999 _c24117
_d24117